Countries Containing AL - Statistics

General Stats
  • This quiz has been taken 72 times
  • The average score is 14 of 21
Answer Stats
Answer % Correct
Albania
91%
Algeria
89%
Australia
84%
Marshall Islands
81%
Portugal
81%
Malawi
70%
Malta
70%
Senegal
70%
Guatemala
68%
New Zealand
68%
Palau
67%
Tuvalu
67%
Maldives
65%
Malaysia
63%
Nepal
63%
Somalia
63%
Mali
61%
El Salvador
60%
Italy
56%
Central African Republic
54%
Equatorial Guinea
49%
No matching quizzes found
Score Distribution
Percent of People with Each Score
Percentile by Number Answered
Your Score History
You have not taken this quiz